The Super Duper '80s Slideshow Quiz Stats

 Plays Quiz Updated Dec 17, 2014

Challenge
Share
Tweet
Score 0/30 Timer 08:00
3 Plays Today
% Correct
Michael Jackson's 'Thriller'
99.2%
E.T. the Extra-Terrestrial
97.9%
Super Mario Bros
97.5%
The Smurfs
97.3%
Pac-Man
97.3%
The Karate Kid
97.2%
Ghostbusters
96.9%
Madonna
96.5%
The Terminator
96%
Rubik's Cube
95.6%
Teenage Mutant Ninja Turtles
95.3%
Ronald Reagan
95.2%
Cassette Tapes
95.1%
Dirty Dancing
93.9%
The Berlin Wall
93.6%
% Correct
Cheers
93.2%
Care Bears
92.5%
Boombox
92%
Alf
91.7%
The Breakfast Club
91.7%
Tetris
90.2%
My Little Pony
89.2%
Gremlins
89%
Ferris Bueller's Day Off
85.8%
Dallas
84.6%
The Goonies
80.8%
Billy Idol
80%
Strawberry Shortcake
79.3%
She-Ra and He-Man
79.3%
Punky Brewster
62.6%

You're not logged in!

Compare scores with friends on all Sporcle quizzes.
OR
Log In

You Might Also Like...

Show Comments

Extras

Top Quizzes Today


Score Distribution

Your Account Isn't Verified!

In order to create a playlist on Sporcle, you need to verify the email address you used during registration. Go to your Sporcle Settings to finish the process.

Report this User

Report this user for behavior that violates our Community Guidelines.

Details: